[Event "Online Olym Div3 D"]
[Site "Chess.com INT"]
[Date "2021.08.28"]
[Round "4.2"]
[White "Ioannides Liu, Alice"]
[Black "Santos Almonte, Carol"]
[Result "1-0"]
[WhiteElo "1302"]
[BlackElo "1680"]
[PlyCount "85"]
[EventDate "2021.08.27"]
[EventType "team-tourn (rapid)"]
[EventRounds "9"]
[EventCountry "USA"]
[SourceTitle "CBM 204 Extra"]
[Source "ChessBase"]
[SourceDate "2021.11.30"]
[SourceVersion "1"]
[SourceVersionDate "2021.11.30"]
[SourceQuality "1"]
[WhiteTeam "Cyprus"]
[BlackTeam "Dominican Republic"]
[WhiteTeamCountry "CYP"]
[BlackTeamCountry "DOM"]

1. e4 e6 2. d4 d5 3. e5 c5 4. Nf3 Nc6 5. c3 Qb6 6. Be2 Nh6 7. 0-0 Nf5 8. dxc5 Bxc5 9. b4 Bf8 10. Bd3 g6 11. Bxf5 gxf5 12. Ng5 Be7 13. Qh5 Bxg5 14. Bxg5 Qc7 15. Bf6 Rf8 16. Bg7 Nxe5 17. Bxf8 Kxf8 18. Qxh7 Ke7 19. Re1 Nd3 20. Qh4+ Ke8 21. Re3 Nb2 22. Qf6 b6 23. Rh3 Qe7 24. Rh8+ Kd7 25. Qxe7+ Kxe7 26. Nd2 Bb7 27. Rxa8 Bxa8 28. Rb1 Nd3 29. a4 Kd6 30. a5 b5 31. Nf3 f6 32. Rd1 Nb2 33. Rc1 Bc6 34. Nd4 a6 35. Nxc6 Kxc6 36. Kf1 e5 37. Ke2 Kd6 38. h4 Ke6 39. h5 Na4 40. h6 Kf7 41. Rh1 Nxc3+ 42. Kd3 Ne4 43. Ke2 1-0

[Event "Online Olym Div3 D"]
[Site "Chess.com INT"]
[Date "2021.08.28"]
[Round "5.4"]
[White "Santos Almonte, Carol"]
[Black "Johnson, Gabriella"]
[Result "0-1"]
[WhiteElo "1680"]
[BlackElo "1823"]
[PlyCount "74"]
[EventDate "2021.08.27"]
[EventType "team-tourn (rapid)"]
[EventRounds "9"]
[EventCountry "USA"]
[SourceTitle "CBM 204 Extra"]
[Source "ChessBase"]
[SourceDate "2021.11.30"]
[SourceVersion "1"]
[SourceVersionDate "2021.11.30"]
[SourceQuality "1"]
[WhiteTeam "Dominican Republic"]
[BlackTeam "Trinidad and Tobago"]
[WhiteTeamCountry "DOM"]
[BlackTeamCountry "TRI"]

1. d4 d5 2. c4 c6 3. Nc3 Nf6 4. Nf3 e6 5. e3 a6 6. cxd5 exd5 7. Bd3 Nbd7 8. 0-0 c5 9. b3 b5 10. dxc5 Bxc5 11. Bb2 0-0 12. Rc1 Bb7 13. Bf5 Bb6 14. Nd4 Re8 15. Re1 Nc5 16. Nce2 Nfe4 17. b4 Ne6 18. Nxe6 Rxe6 19. Bxe6 fxe6 20. Nd4 Qe7 21. Qg4 Re8 22. Nxe6 Nf6 23. Bxf6 Qxf6 24. Nd4 Re4 25. Qd7 Re7 26. Qf5 Bxd4 27. Qd3 Be5 28. h3 h6 29. a3 Rf7 30. Rf1 g5 31. Qc2 d4 32. exd4 Bxd4 33. Qd1 Qf4 34. Rb1 Bxf2+ 35. Kh1 Bxg2+ 36. Kxg2 Qg3+ 37. Kh1 Qxh3# 0-1

[Event "DOM-ch (Women)"]
[Site "Santo Domingo"]
[Date "2018.03.11"]
[Round "4"]
[White "Sanchez Marcelino, Jennifer"]
[Black "Santos Almonte, Carol"]
[Result "0-1"]
[WhiteElo "1537"]
[BlackElo "1767"]
[PlyCount "98"]
[EventDate "2018.03.09"]
[EventType "swiss"]
[EventRounds "8"]
[EventCountry "DOM"]
[SourceTitle "CBM 183 Extra"]
[Source "ChessBase"]
[SourceDate "2018.04.19"]
[SourceVersion "1"]
[SourceVersionDate "2018.04.19"]
[SourceQuality "1"]

1. e4 e6 2. d4 d5 3. Nc3 Nf6 4. e5 Nfd7 5. f4 c5 6. Nf3 Nc6 7. Be3 Qb6 8. Rb1 f6 9. Be2 cxd4 10. Bxd4 Nxd4 11. Qxd4 Bc5 12. Qd3 fxe5 13. fxe5 a6 14. Rf1 Qd8 15. Qd2 0-0 16. h4 Be7 17. h5 Nb8 18. g4 Nc6 19. h6 g6 20. Kd1 b5 21. Bd3 Rxf3 22. Rxf3 Nxe5 23. Rf1 Bg5 24. Qe2 Nxd3 25. Qxd3 Bxh6 26. Ne4 Bg7 27. g5 Bd7 28. Nf6+ Kh8 29. Qh3 Bxf6 30. gxf6 e5 31. Qh6 Qf8 32. Qg5 Bf5 33. Rh1 Rc8 34. Rc1 Rc6 35. Qh4 Qf7 36. Ke2 Rxf6 37. Rcf1 Kg8 38. Qh6 Rc6 39. c3 d4 40. Kd2 dxc3+ 41. bxc3 Qxa2+ 42. Ke1 Qf7 43. Rxf5 Qxf5 44. Qxh7+ Kf8 45. Rf1 Qxf1+ 46. Kxf1 Rxc3 47. Qh8+ Kf7 48. Qxe5 Rf3+ 49. Ke2 Rf6 0-1

[Event "DOM-chT"]
[Site "Santiago de los Caballeros"]
[Date "2017.08.19"]
[Round "4.4"]
[White "Reyes Perez, Eury Luis"]
[Black "Santos Almonte, Carol"]
[Result "1-0"]
[WhiteElo "1946"]
[BlackElo "1776"]
[PlyCount "119"]
[EventDate "2017.08.17"]
[EventType "team-swiss"]
[EventRounds "6"]
[EventCountry "DOM"]
[SourceTitle "EXT 2019"]
[Source "ChessBase"]
[SourceDate "2018.10.10"]
[SourceVersion "1"]
[SourceVersionDate "2018.10.10"]
[SourceQuality "1"]
[WhiteTeam "Monsenor Nouel"]
[BlackTeam "Femenino"]
[WhiteTeamCountry "DOM"]
[BlackTeamCountry "DOM"]

1. g3 d5 2. Bg2 c5 3. Nf3 f6 4. e4 Bg4 5. exd5 Qxd5 6. 0-0 Qd7 7. Re1 Nc6 8. c3 h5 9. Qa4 Ne5 10. Qxd7+ Nxd7 11. Nh4 Ne5 12. Rxe5 fxe5 13. Bxb7 Rb8 14. Bc6+ Kf7 15. Be4 Nf6 16. Bg6+ Kg8 17. d3 Bd7 18. Na3 Be8 19. Bxe8 Rxe8 20. Ng6 Rh7 21. Nxe5 e6 22. Nac4 Ng4 23. Nc6 g6 24. h3 Nf6 25. N6e5 Kg7 26. Be3 Nd5 27. Bd2 Be7 28. Re1 Bf6 29. Nd7 Kg8 30. Nxc5 e5 31. Ne4 Rhe7 32. Ncd6 Rf8 33. c4 Nb6 34. b3 Bg7 35. a4 Rd7 36. a5 Nc8 37. c5 Nxd6 38. Nxd6 Rf3 39. Be3 Kh7 40. Kg2 Rf8 41. b4 Rb8 42. Rb1 Bf8 43. Nc4 Re8 44. Rb3 a6 45. Nb6 Rc7 46. Nd5 Rf7 47. b5 axb5 48. Rxb5 Bh6 49. Bxh6 Kxh6 50. c6 e4 51. dxe4 Rxe4 52. c7 Rc4 53. f4 Rfxc7 54. Nxc7 Rxc7 55. Rb2 Ra7 56. Rb5 Kg7 57. Kf3 Ra6 58. Ke4 Kf6 59. Kd4 Re6 60. Rb6 1-0

[Event "DOM-ch (Women)"]
[Site "Santo Domingo"]
[Date "2015.03.07"]
[Round "2"]
[White "Moronta Ramos, Dianelva Altagracia"]
[Black "Santos Almonte, Carol"]
[Result "1/2-1/2"]
[WhiteElo "1694"]
[BlackElo "1797"]
[PlyCount "81"]
[EventDate "2015.03.06"]
[EventType "swiss"]
[EventRounds "8"]
[EventCountry "DOM"]
[SourceTitle "CBM 165 Extra"]
[Source "ChessBase"]
[SourceDate "2015.04.21"]
[SourceVersion "1"]
[SourceVersionDate "2015.04.21"]
[SourceQuality "1"]

1. d4 d5 2. Nf3 c5 3. c3 cxd4 4. cxd4 Nc6 5. Bf4 Bf5 6. e3 Nf6 7. Nc3 a6 8. a3 g6 9. Be2 Bg7 10. Ne5 Rc8 11. h3 0-0 12. 0-0 Ne4 13. Nxc6 Rxc6 14. Nxe4 Bxe4 15. Bd3 Bxd3 16. Qxd3 Qb6 17. b4 Rfc8 18. Qb3 e6 19. Qb1 Rc4 20. Ra2 Bf8 21. Rb2 Bd6 22. Bxd6 Qxd6 23. Qa2 b5 24. g3 R8c6 25. Re1 Rc3 26. Kg2 R6c4 27. Rd1 Qc6 28. Rbb1 e5 29. Rb2 exd4 30. Rxd4 Rxd4 31. exd4 Qc4 32. Re2 Qxa2 33. Rxa2 Rd3 34. a4 bxa4 35. Rxa4 Rxd4 36. Rxa6 Rxb4 37. Ra5 Rd4 38. Kf3 g5 39. Ke3 Rd1 40. Ke2 Rd4 41. Ke3 1/2-1/2

[Event "DOM-ch (Women)"]
[Site "Santo Domingo"]
[Date "2015.03.07"]
[Round "3"]
[White "Santos Almonte, Carol"]
[Black "Rodriguez Espaillat, Escarlet M"]
[Result "1-0"]
[WhiteElo "1797"]
[BlackElo "1642"]
[PlyCount "55"]
[EventDate "2015.03.06"]
[EventType "swiss"]
[EventRounds "8"]
[EventCountry "DOM"]
[SourceTitle "CBM 165 Extra"]
[Source "ChessBase"]
[SourceDate "2015.04.21"]
[SourceVersion "1"]
[SourceVersionDate "2015.04.21"]
[SourceQuality "1"]

1. d4 Nf6 2. c4 e6 3. Nc3 Bb4 4. a3 Bxc3+ 5. bxc3 d6 6. Nf3 c5 7. e3 Nc6 8. d5 Ne7 9. dxe6 Bxe6 10. Be2 Qa5 11. Bb2 d5 12. cxd5 Nexd5 13. Qc2 0-0 14. 0-0 Qc7 15. c4 Ne7 16. Be5 Qc6 17. Bxf6 gxf6 18. Qc3 Bf5 19. Nd2 Kh8 20. Bf3 Qe6 21. Bxb7 Rab8 22. Bf3 Rg8 23. e4 Bh3 24. Kh1 Bxg2+ 25. Bxg2 Rxg2 26. Kxg2 Qg4+ 27. Qg3 Qe2 28. Qxb8+ 1-0

[Event "DOM-ch (Women)"]
[Site "Santo Domingo"]
[Date "2015.03.06"]
[Round "1"]
[White "Santos Almonte, Carol"]
[Black "Clark Muller, Gema Mabel"]
[Result "1-0"]
[WhiteElo "1797"]
[BlackElo "1607"]
[PlyCount "65"]
[EventDate "2015.03.06"]
[EventType "swiss"]
[EventRounds "8"]
[EventCountry "DOM"]
[SourceTitle "CBM 165 Extra"]
[Source "ChessBase"]
[SourceDate "2015.04.21"]
[SourceVersion "1"]
[SourceVersionDate "2015.04.21"]
[SourceQuality "1"]

1. d4 d6 2. c4 Nf6 3. Nc3 g6 4. e4 Bg7 5. f3 Nbd7 6. Be3 0-0 7. Qd2 c5 8. d5 Ne8 9. Bh6 f5 10. Bxg7 Nxg7 11. Bd3 Ne5 12. Nge2 Bd7 13. 0-0 Qc7 14. f4 fxe4 15. fxe5 exd3 16. exd6 exd6 17. Qxd3 Rae8 18. Ng3 Nf5 19. Nce4 Qd8 20. Qc3 Qh4 21. Nxf5 Bxf5 22. Nxd6 Re2 23. Nxf5 gxf5 24. b3 Rf6 25. Qg3+ Qxg3 26. hxg3 Rf7 27. Rf2 Re4 28. Raf1 Rg4 29. Rxf5 Rxf5 30. Rxf5 Rxg3 31. d6 Rd3 32. Rxc5 Rxd6 33. Rc8+ 1-0

[Event "Olympiad Women-41"]
[Site "Tromsoe"]
[Date "2014.08.02"]
[Round "1.4"]
[White "Fisabilillah, Ummi"]
[Black "Santos Almonte, Carol"]
[Result "1-0"]
[WhiteElo "2029"]
[BlackElo "1774"]
[PlyCount "75"]
[EventDate "2014.08.02"]
[EventType "team-swiss"]
[EventRounds "11"]
[EventCountry "NOR"]
[SourceTitle "CBM 162"]
[Source "ChessBase"]
[SourceDate "2014.09.17"]
[SourceVersion "1"]
[SourceVersionDate "2014.09.17"]
[SourceQuality "1"]
[WhiteTeam "Indonesia (W)"]
[BlackTeam "Dominican Republic (W)"]
[WhiteTeamCountry "INA"]
[BlackTeamCountry "DOM"]

1. e4 e6 2. d3 d5 3. Nd2 c5 4. Ngf3 Bd6 5. g3 Ne7 6. Bg2 Nbc6 7. 0-0 0-0 8. Re1 f6 9. Nf1 d4 10. h4 e5 11. N1h2 Be6 12. h5 Qd7 13. Nh4 f5 14. exf5 Nxf5 15. N4f3 Nfe7 16. Ng5 Bd5 17. Bh3 Qe8 18. Ng4 Kh8 19. h6 g6 20. c4 dxc3 21. bxc3 Nf5 22. Ne4 Qd8 23. Nxd6 Qxd6 24. Bg5 Rae8 25. Qd2 Nb8 26. c4 Bc6 27. Rad1 Nd4 28. Nh2 b6 29. Re3 e4 30. dxe4 Rxe4 31. Rxe4 Bxe4 32. Bf4 Qc6 33. Be5+ Kg8 34. Bxd4 cxd4 35. Qxd4 Rf7 36. Qd8+ Rf8 37. Qe7 Qb7 38. Be6+ 1-0